1585 1455 1064 1670 1534 1075 1944 1829 1899 1231 1325 1947 1121 1634 1855 1580 1214 1925 1403 1001 1188 1630 1965 1288 1505 1024 1629 1341 1275 1783 1544 1570 1397 1036 1089 1736 1114 1409 1823 1943 1216 1158 1939 1596 1474 1344 1741 1776 1409 1937 1851 1777 1038 1043 1883 1189 1955 1946 1847 1106 1920 1338 1365 1798 1927 1273 1407 1742 1235 1306 1772 1218 1843 1619 1706 1009 1176 1286 1462 1316 1818 1166 1639 1670 1693 1994 1471 1191 1376 1003 1536 1708 1361 1252 1076 1213 1157 1119 1287 BCNSPRNW ULIB Ver.6.0+V

เปลี่ยนเป็นภาษาไทย

Change to English
 แสดงรายละเอียดบรรณานุกรม
  กลับหน้าหลัก

Brief Record : Get Marc (ISO 2709) : E-mail record : QR code < ปิดหน้าต่าง
LEADER : 00000nam 2200000uu 4500
001    13399113601
003     ULIB
008    111207s2553||||th 000 0 tha d
020    ^a9786117123153
090    ^aนว.^bว130พ 2553
100 0  ^aวงศ์วริศ
245 00 ^aเพียงเสี้ยวใจ/^cวงศ์วริศ
250    ^aพิมพ์ครั้งที่ 1
260    ^aกรุงเทพฯ :^bกรีนมายด์,^c2553
300    ^a214 หน้า
710 1  ^aกรีนมายด์
945    ^p169^l0^i17053
995    ^aทศพร
999 ^a ทศพร
รายการนี้ยังไม่มีแท็ก
คุณยังไม่ได้ล็อกอิน คุณสามารถมีกิจกรรมร่วมกับเว็บไซต์ได้ แต่ต้องล็อกอินก่อน ::
  ล็อกอิน

รายการสื่อสารสนเทศ

ลำดับที่ ประเภท เลขเรียก/บาร์โค้ด สถานที่ สถานะ
1. นวนิยาย
นวนิยาย
นว. ว130พ 2553 ฉ.1 
  Barcode: 17053
ห้องสมุดวิทยาเขตสวรรค์ประชารักษ์
►นวนิยาย
บนชั้น
  ขอยืม

BibComment


ยังไม่เคยถูกคอมเมนท์

คอมเมนท์ทรัพยากรรายการนี้
  คอมเมนท์: เพียงเสี้ยวใจ วง..


 Copyright 2026. Bcnsprnw @Library